Estadísticas para Metales de la Antigüedad

Haz click aquí para tomar la prueba!

Estadísticas generales

  • Esta prueba ha sido tomada 849 veces
  • La puntuación promedio es 5 de 7

Estadísticas de respuestas

Metal % Correcto
Oro
97%
Plata
94%
Cobre
91%
Hierro
89%
Estaño
54%
Mercurio
46%
Plomo
45%

Distribución de puntuación

Porcentaje por número respondido

Porcentaje de gente con cada puntuación

Historial de tus puntuaciones

No has tomado esta prueba